000 01259cam a22003011i 4500
003 SA-RiAUC
005 20241127145518.0
008 241126s1985 le g b 000r0 ara c
040 _aAE-AiULD
_bara
_cSA-RiAUC
_erda
082 0 4 _a214
_qSA-RiAUC
090 _a214
_bخ ل ي
100 1 _aخليل، عماد الدين،
_d1939-
_eمؤلف.
245 1 0 _aحول إعادة تشكيل العقل المسلم /
_cعماد الدين خليل ؛ تقديم عمر عبيد حسنة
250 _aالطبعة الثانية.
264 1 _aبيروت :
_bمؤسسة الرسالة،
_c1985
300 _a118 صفحة ؛
_c22 سم.
336 _aنص
_btxt
_2rdacontent
_3كتاب
337 _aبدون وسيط
_bn
_2rdamedia
338 _aمجلد
_bnc
_2rdacarrier
490 0 _aكتاب الأمة / وزارة الشؤون الإسلامية والأوقاف، قطر ؛
_v4
504 _aيشتمل على إرجاعات ببليوجرافية.
650 7 _aالثقافة الإسلامية
_2aucsh
650 7 _aالفلسفة الإسلامية
_2aucsh
650 7 _aالحضارة الإسلامية
_2aucsh
700 1 _aحسنة، عمر عبيد،
_d1935-
_eمقدم.
942 _2ddc
_cBOOK
_n0
949 _aSA-JeALM
_d241126
_umohamedma123
_n1
999 _c2829
_d2829